01558nab a22002777a 4500003000400000005001700004008004100021040000700062100003700069245015300106260007300259300001500332500007500347505033500422505011900757505008900876650002900965650001500994650001401009650002101023650002401044650002301068650001301091650004001104773013601144OSt20260131201614.0190603e xxum|||| |||| 00| 0 spa d cPJ aStarópoli, María del Carmen 10aEntre separación de hecho y convivencia dual : bla verdad judicial para determinar la exclusión hereditaria /cMaría del Carmen Starópoli.  cCiudad Autónoma de Buenos Aires :aThomson Reuters La Ley, b2025. ap. 159-170 aCita: TR LALEY AR/DOC/2860/2025 Publicado en: RCCyC 2025 (Diciembre). aSumario: I. Los antecedentes del caso.— II. Contexto jurídico.— III. La separación de hecho como quebranto del matrimonio y de la vocación sucesoria.— IV. Separación de hecho con convivencia simultánea.— V. Del onus probandi a la fecha de separación: consecuencias para la herencia.— VI. Conclusión final.  aFallo comentado: CNCiv., sala K ~ 16/07/2025 ~ M., L. M. y otros c. B., M. M. y otros s/ exclusión de heredero. t¿Te interesa el texto completo? Solicitalo al correo: koha@justierradelfuego.gov.ar 0aCODIGO CIVIL Y COMERCIAL 0aSUCESIONES 0aHEREDEROS 0aACERVO SUCESORIO 0aSEPARACION DE HECHO 0aCARGA DE LA PRUEBA 0aDIVORCIO 0aLIQUIDACION DE LA SOCIEDAD CONYUGAL0 02713dCiudad Autónoma de Buenos Aires : Thomson Reuters La Ley, 2015-tRevista Código Civil y Comercial. Nº 6 - Diciembre 2025